| 000 | 00474nam a2200133Ia 4500 | ||
|---|---|---|---|
| 008 | 160809s9999 xx 000 0 und d | ||
| 100 | _aNandimandalam, Mohan Krishna Varma. | ||
| 245 | _aComparison of Open-Source PAAS Architectural Components | ||
| 245 | _cMohan Krishna Varma Nandimandalam and Eunmi Choi. | ||
| 260 | _bComputer Science and Information Technology | ||
| 260 | _cJanuary 2016 | ||
| 650 | _xINFORMATION TECHNOLOGY | ||
| 856 | _uhttp://airccse.org/V6N49.html | ||
| 999 |
_c300054 _d300054 |
||